| 000 | 00680cab a2200217 4500 | ||
|---|---|---|---|
| 001 | WB3509-30 | ||
| 008 | 090401t1999 xxu||||| |||| 00| 0 eng d | ||
| 035 | _a(Sirsi) u91727 | ||
| 041 | _aeng | ||
| 245 | _aGPS tracks radioactivity | ||
| 260 | _c1999 | ||
| 350 | _a0 | ||
| 490 |
_aSunday Business _v28 February 1999, 30(1) |
||
| 520 | _aA gps satellite system known as Groundhog developed by AEA Technology is being used to survey a former MoD factory for radioactive paint. | ||
| 650 | _aGLOBAL POSITIONING SYSTEMS | ||
| 650 | _aGPS | ||
| 650 | _aRADIOACTIVITY | ||
| 690 | _aMANAGEMENT-BUSINESS MANAGEMENT-INFORMATION MANAGEMENT | ||
| 942 | _n0 | ||
| 948 | _c03/03/1999 | ||
| 999 |
_c58218 _d58218 |
||